000 00406nam a2200181 a 4500
003 DLC
005 20210219152717.0
008 991125s1936 ing 000 0 eng u
022 _a0262-7035
035 _aUPN01000059410
245 0 0 _aART AND CRAFT
260 _aInglaterra :
_bScholastic,
_c1936
310 _aMensual
653 0 _aARTE
653 0 _aARTESANIA
905 _aRevista
999 _c59395
_d59395